Catholic University of Zimbabwe Library
Online Public Access Catalogue
(OPAC)

Technology and Film Scholarship (Record no. 25325)

MARC details
000 -LEADER
fixed length control field 03606cam a22005174a 4500
001 - CONTROL NUMBER
control field muse76538
003 - CONTROL NUMBER IDENTIFIER
control field MdBmJHUP
005 - DATE AND TIME OF LATEST TRANSACTION
control field 20210127151304.0
006 - FIXED-LENGTH DATA ELEMENTS--ADDITIONAL MATERIAL CHARACTERISTICS
fixed length control field m o d
007 - PHYSICAL DESCRIPTION FIXED FIELD--GENERAL INFORMATION
fixed length control field cr||||||||nn|n
008 - FIXED-LENGTH DATA ELEMENTS--GENERAL INFORMATION
fixed length control field 170725t20182018ne o 00 0 eng d
010 ## - LIBRARY OF CONGRESS CONTROL NUMBER
Canceled/invalid LC control number 2018376618
020 ## - INTERNATIONAL STANDARD BOOK NUMBER
International Standard Book Number 9789048525270
020 ## - INTERNATIONAL STANDARD BOOK NUMBER
International Standard Book Number 9048525276
020 ## - INTERNATIONAL STANDARD BOOK NUMBER
Canceled/invalid ISBN 9089647546
020 ## - INTERNATIONAL STANDARD BOOK NUMBER
Canceled/invalid ISBN 9789089647542
035 ## - SYSTEM CONTROL NUMBER
System control number (OCoLC)1111314142
040 ## - CATALOGING SOURCE
Original cataloging agency MdBmJHUP
Transcribing agency MdBmJHUP
050 04 - LIBRARY OF CONGRESS CALL NUMBER
Classification number PN1995.9.T43
Item number T434 2018
082 0# - DEWEY DECIMAL CLASSIFICATION NUMBER
Classification number 791
245 00 - TITLE STATEMENT
Title Technology and Film Scholarship
Remainder of title Experience, Study, Theory /
Statement of responsibility, etc. edited by Santiago Hidalgo ; foreword by Andre Gaudreault.
300 ## - PHYSICAL DESCRIPTION
Extent 1 online resource (264 pages) :
Other physical details illustrations (some color), color map ;
490 0# - SERIES STATEMENT
Series statement Film theory in media history
504 ## - BIBLIOGRAPHY, ETC. NOTE
Bibliography, etc. note Includes bibliographical references and index.
505 00 - FORMATTED CONTENTS NOTE
Formatted contents note Machine generated contents note:
Miscellaneous information Section I
Title Experience --
Miscellaneous information 1.
Title When Did Cinema Become Cinema? Technology, History, and the Moving Pictures /
Statement of responsibility Charles Musser --
Miscellaneous information 2.
Title Exhibition Practices in Transition: Spectators, Audiences, and Projectors /
Statement of responsibility Jan Olsson --
Miscellaneous information 3.
Title Reel Changes: Post-mortem Cinephilia or the Resistance of Melancholia /
Statement of responsibility Andre Habib --
Miscellaneous information 4.
Title Walter Benjamin's Play Room: Where the Future So Eloquently Nests, or: What is Cinema Again? /
Statement of responsibility Dana Cooley --
Miscellaneous information Section II
Title Study --
Miscellaneous information 5.
Title Hitchcock, Film Studies, and New Media: The Impact of Technology on the Analysis of Film /
Statement of responsibility David Colangelo --
Miscellaneous information 6.
Title Film Analysis and Statistics: A Field Report /
Statement of responsibility Charles O'Brien --
Miscellaneous information 7.
Title A `Distant Reading' of the `Chaser Theory': Local Views and the Digital Generation of New Cinema History /
Statement of responsibility Paul Moore --
Miscellaneous information Section III
Title Theory --
Miscellaneous information 8.
Title Cine-Graphism: A New Approach to the Evolution of Film Language through Technology /
Statement of responsibility Tom Gunning --
Miscellaneous information 9.
Title Can We Have the Cave and Leave It Too? On the Meaning of Cinema as Technology /
Statement of responsibility Vinzenz Hediger --
Miscellaneous information 10.
Title On Viewfinders, Video Assist Systems, and Tape Splicers: Questioning the History of Techniques and Technology in Cinema /
Statement of responsibility Benoit Turquety.
506 0# - RESTRICTIONS ON ACCESS NOTE
Terms governing access Open Access
Standardized terminology for access restriction Unrestricted online access
Source of term star
520 8# - SUMMARY, ETC.
Summary, etc. "This volume brings together a wide range of research on the ways in which technological innovations have established new and changing conditions for the experience, study and theorization of film. Drawn from the IMPACT film conference (The Impact of Technological Innovations on the Historiography and Theory of Cinema) held in Montreal in 2011, the book includes contributions from such leading figures in the field as Tom Gunning, Charles Musser, Jan Olsson and Vinzenz Hediger."--Publisher website
588 ## - SOURCE OF DESCRIPTION NOTE
Source of description note Description based on print version record.
650 #0 - SUBJECT ADDED ENTRY--TOPICAL TERM
Topical term or geographic name entry element Performing Arts.
Source of heading or term ukslc
650 #0 - SUBJECT ADDED ENTRY--TOPICAL TERM
Topical term or geographic name entry element Filmtheorie
Source of heading or term gnd
650 #0 - SUBJECT ADDED ENTRY--TOPICAL TERM
Topical term or geographic name entry element Technology in motion pictures.
Source of heading or term fast
Authority record control number or standard number (OCoLC)fst01145293
650 #0 - SUBJECT ADDED ENTRY--TOPICAL TERM
Topical term or geographic name entry element Performing Arts.
Source of heading or term eflch
650 #0 - SUBJECT ADDED ENTRY--TOPICAL TERM
Topical term or geographic name entry element Technology in motion pictures
General subdivision History.
655 #0 - INDEX TERM--GENRE/FORM
Genre/form data or focus term History.
Source of term fast
Authority record control number (OCoLC)fst01411628
655 #7 - INDEX TERM--GENRE/FORM
Genre/form data or focus term Electronic books.
Source of term local
700 1# - ADDED ENTRY--PERSONAL NAME
Personal name Gaudreault, Andre,
Relator term writer of foreword.
700 1# - ADDED ENTRY--PERSONAL NAME
Personal name Hidalgo, Santiago,
Relator term editor.
776 18 - ADDITIONAL PHYSICAL FORM ENTRY
Relationship information Electronic version:
Title Technology and film scholarship.
Place, publisher, and date of publication Amsterdam : Amsterdam University Press, [2018]
International Standard Book Number 9789048525270
Record control number (OCoLC)1019871722
710 2# - ADDED ENTRY--CORPORATE NAME
Corporate name or jurisdiction name as entry element Project Muse.
Relator term distributor
830 #0 - SERIES ADDED ENTRY--UNIFORM TITLE
Uniform title Film theory in media history.
830 #0 - SERIES ADDED ENTRY--UNIFORM TITLE
Uniform title Book collections on Project MUSE.
856 40 - ELECTRONIC LOCATION AND ACCESS
Public note Full text available:
Uniform Resource Identifier <a href="https://muse.jhu.edu/book/66334/">https://muse.jhu.edu/book/66334/</a>
Holdings
Withdrawn status Lost status Source of classification or shelving scheme Damaged status Not for loan Home library Current library Shelving location Date acquired Total Checkouts Full call number Date last seen Uniform Resource Identifier Price effective from Koha item type
          Digital Library Digital Library Online Access 27.01.2021   PN1995.9.T43 T434 2018 27.01.2021 https://muse.jhu.edu/book/66334/ 27.01.2021 eBook

OPENING HOURS

Weekdays: 0815hrs - 1800hrs
Weekends:0900hrs - 1200hrs

Closed for Mass:

Mon, Thur: 1200hrs - 1300hrs
Sunday & Public Holiday’s

CALL SUPPORT

0242-570570, 0242-570169
09200664, +263 8644140602

LOCATION

18443, Cranborne Avenue, Hatfield, Harare

Other Links


©2021 | CUZ Library